000 00207nam a22000857a 4500
001 1235214
005 20250930112522.0
245 _aSAVAŞ VE BARIŞ
_cBRIGITTE LABBE
260 _bGÜNIŞIĞI KİTAPLIĞI YAYINLARI
999 _c1235214
_d1235214